Представление документа в формате RUSMARC

ПолеНазваниеЗначение
  Тип записи a
  Библиографический уровень m
001 Контрольный номер RU/CBS_UL/BASE/597860288
005 Дата корректировки 20240209174857.3
010 Индекс ISBN __
d Цена 101 р. 00 к.
9 Тираж экз.
100 Данные общей обработки __
a Данные общей обработки 20181211d2018 ||| 0rusy0189 ca
101 Язык документа 0_
a Язык текста rus
102 Страна публикации __
a Страна публикации RU
105 Кодированные данные (монография) __
a Кодированные данные (монография) y###||||000|y
181 Поле кодированных данных: вид содержания _1
a Код вида содержания (ISBD) i#
b Код характеристики содержания (ISBD) #xxe##
d i
g x
h x
i e
2 Код системы (источник кода, отличный от ISBD) isbdcontent
182 Поле кодированных данных: тип средства _1
a Код типа средства (ISBD) n
2 Код системы (источник кода, отличный от ISBD) isbdmedia
200 Заглавие и сведения об ответственности 1_
a Заглавие Все о наследстве. Ваши пошаговые действия
b Общее обозначение материала Текст
f Первые сведения об ответственности С. Ю. Макаров
w Текст (визуальный) : непосредственный
203 Вид содержания и тип средства __
a Вид содержания Текст
b Характеристика содержания визуальный
c Тип средства непосредственный
210 Выходные данные 1_
a Место издания Москва
c Издательство ЭКСМО
d Дата издания 2007
215 Физическое описание __
a Объем 222 с.
d Формат см.
225 Серия 0_
a Серия Мой законный интерес
300 Общие примечания __
a Общие примечания Ограничения по возрасту - 18+
300 Общие примечания __
a Общие примечания Под инв. номером 124559: 3-1, 7-1
606 Тематические рубрики 0_
a Основная рубрика Наследственное право
610 Ключевые слова 0_
a Ключевые слова право наследственное
a Ключевые слова наследство
a Ключевые слова наследники
a Ключевые слова принятия наследства
a Ключевые слова отказ от наследства
a Ключевые слова права наследования
a Ключевые слова наследство по завещанию
686 Индексы других классификаций __
a Классификационный индекс 67.404.5
2 Код системы ББК
700 Автор _1
a Фамилия Макаров
b Имя (инициалы) Сергей Юрьевич
g Полное личное имя С. Ю.
801 Источник записи _0
a Страна RU
b Организация МБУК ЦБС
c Дата составления 20181211
g Правила каталогизации RCR
801 Источник записи _1
a Страна RU
b Организация МБУК ЦБС г. Ульяновска
c Дата составления 20181211
g Правила каталогизации RCR
899 Данные о местонахождении __
i Авторский знак М 15
j Расстановочный фильтр 67.404.5
901 Тип документа __
t Тип документа m
910 Корректоры записи __
a Корректор записи Мазина